| 000 | 00519nam a22001937a 4500 | ||
|---|---|---|---|
| 005 | 20260513111858.0 | ||
| 008 | 260513b |||||||| |||| 00| 0 eng d | ||
| 020 |
_a9789813238848 _c795.00 |
||
| 040 | _aMAIN | ||
| 041 | _aEnglish | ||
| 082 |
_a511.6 _bPEW |
||
| 100 |
_aPew, Foo Kean _926797 |
||
| 245 | _aPrinciples and Techniques Combinatorics | ||
| 260 |
_aNew Jersey _bWorld Scientific _c2019 |
||
| 300 | _a428 | ||
| 650 |
_aMathematics (PM USHA) _926738 |
||
| 700 |
_aSimon, Lin Mingyan _926798 |
||
| 942 | _cBK | ||
| 999 |
_c60772 _d60772 |
||